Mafia 1 Remake Neighborhoods - Statistics

General Stats
  • This quiz has been taken 43 times
  • The average score is 5 of 9
Answer Stats
Answer % Correct
Little Italy
94%
Chinatown
74%
Central Island
61%
Downtown
55%
Holbrook
48%
Beech Hill
45%
Works Quarter
45%
Oakwood
39%
North Park
32%
No matching quizzes found
Score Distribution
Percent of People with Each Score
Percentile by Number Answered
Your Score History
You have not taken this quiz